Supressing the financing of Terrorism

Detalles Bibliográficos
Autor Corporativo: Fondo Monetario Internacional
Formato: eBook
Lenguaje:inglés
Publicado: Washington : International Monetary Fund, 2003.
Materias:
Acceso en línea:Acceso restringido

MARC

LEADER 00000nam a22000007a 4500
005 2011100409409.0
008 111004s2003 xxu|||||s|||| 00||0 eng d
020 |a 1-58906-225-6 
035 |a 2761 
040 |a vLex 
090 |c 2609  |d 2609 
245 0 0 |a Supressing the financing of Terrorism  |h [Recurso electrn̤ico] 
256 |a Servicio en ln̕ea. 
260 |a Washington :  |b International Monetary Fund,  |c 2003. 
300 |a 1 recurso electrn̤ico 
506 1 |a Contenido solo disponible en los productos indicados  |d vLex Global  |d vLex Global (Academic Edition, excluding Law Schools)  |d vLex Global (U.S. Academic Edition, Law Schools)  |d vLex Global (U.S. Academic Edition, excluding Law Schools)  |d vLex Global (Academic Edition, Law Schools) 
650 0 4 |a Terrorismo  |x Financiacin̤  
710 2 |a Fondo Monetario Internacional 
740 0 |a vLex Libros (Servicio en ln̕ea) 
856 4 0 |u http://vlex.com/source/supressing-financing-terrorism-2761  |z Acceso restringido 
942 |c BOOK